000
00287nam a2200109Ia 4500
008
220204s9999 xx 000 0 und d
082
_a
681.31
_b
TOW
100
_a
Townsend, R
245
0
_a
Digital computer structure and design
260
_a
London
_b
Newnes-Butterworths
_c
1975
942
_c
BK
999
_c
36084
_d
36084